| 000 | 00891nac a22003130a 4500 | ||
|---|---|---|---|
| 001 | PT51652 | ||
| 003 | AR-LpoUNG | ||
| 005 | 20210201005501.0 | ||
| 008 | 201001s2013||||ag |||||||||||||||||spa d | ||
| 020 |
_a9789505470679 _c$9 |
||
| 040 |
_aAR-LpoUNG _bspa _eaacr |
||
| 041 | _aspa | ||
| 044 | _aag | ||
| 082 | 0 | _a808.068 3 651com | |
| 100 | 1 | _aTolkien, John Ronald Reuen | |
| 245 | 1 | 3 | _aLa comunidad del anillo |
| 250 | _a37§ ed. | ||
| 260 |
_aBuenos Aires : _bMinotauro, _cmarzo 2013. |
||
| 300 |
_a553 p. : _bgráfs., tbls., mapa _a(3 _fVolúmenes) _3Impreso |
||
| 490 | 0 | _aEl señor de los anillos | |
| 505 | 0 | _aSugerido a partir de 14 años (etiqueta VERDE) | |
| 650 | 4 | _aLITERATURA | |
| 650 | 4 | _aNOVELAS | |
| 651 | 4 | _aDOCUMENTOS TEORICOS O METODOLOGICOS | |
| 653 | _aLITERATURA INFANTOJUVENIL | ||
| 700 | 1 |
_aDoménech, Luis _etr. |
|
| 905 | _a51652 | ||
| 942 | _cLIB | ||
| 999 |
_c49844 _d49844 |
||